Statistics for Subdivisions Of The Alps With A Map

Click here to take the quiz!

General Stats

  • This quiz has been taken 158 times
  • The average score is 12 of 140

Answers on the Map

Answers color-coded by a green-red scale on the quiz's map according to % correct below.
 

Answer Stats

Major DivisionDivision% Correct
Western AlpsMont-Blanc
59%
Western AlpsBernese
52%
Western AlpsNice Prealps
40%
Eastern AlpsDolomites
34%
Western AlpsTicino
25%
Eastern AlpsGarda
24%
Eastern AlpsJulian
23%
Western AlpsLugano Prealps
22%
Western AlpsProvence Prealps
21%
Eastern AlpsSlovenian Prealps
20%
Western AlpsUri
18%
Eastern AlpsBavarian Prealps
17%
Western AlpsGlarus
17%
Western AlpsSchwyz
17%
Western AlpsAppenzell
16%
Eastern AlpsBergamo
15%
Western AlpsLigurian Prealps
15%
Western AlpsCottian
14%
Western AlpsFribourg
13%
Western AlpsGraian
12%
Western AlpsPennine
12%
Eastern AlpsBernina
11%
Western AlpsÉcrins
11%
Eastern AlpsSalzkammergut
11%
Eastern AlpsZillertal
11%
Eastern AlpsAllgäu
10%
Western AlpsChablais
10%
Eastern AlpsOrtler
10%
Eastern AlpsÖtztal
10%
Western AlpsVanoise
10%
Western AlpsVercors
10%
Eastern AlpsVienna Woods
10%
Eastern AlpsKarwendel
9%
Eastern AlpsSilvretta
9%
Eastern AlpsBerchtesgaden
8%
Eastern AlpsBregenz Forest
8%
Western AlpsChartreuse
8%
Eastern AlpsChiemgau
8%
Eastern AlpsDachstein
8%
Western AlpsDigne Prealps
8%
Eastern AlpsGlockner
8%
Eastern AlpsGutenstein
8%
Eastern AlpsKaiser
8%
Eastern AlpsLechtal
8%
Eastern AlpsRätikon
8%
Eastern AlpsRax-Schneeberg
8%
Eastern AlpsSchneeberg-Hochglockner
8%
Eastern AlpsAdamello-Presanella
7%
Eastern AlpsBrenta
7%
Eastern AlpsCarnic
7%
Western AlpsGrand-Paradis
7%
Eastern AlpsGurktal
7%
Western AlpsLuberon
7%
Eastern AlpsMürzsteg
7%
Western AlpsQueyras
7%
Eastern AlpsRadstadt
7%
Eastern AlpsTennen
7%
Eastern AlpsVenediger
7%
Eastern AlpsWetterstein
7%
Eastern AlpsAmmergau
6%
Eastern AlpsAnkogel
6%
Western AlpsAravis
6%
Western AlpsBaronnies
6%
Western AlpsBelledonne
6%
Western AlpsCastellane Prealps
6%
Eastern AlpsDead Mountains
6%
Eastern AlpsGailtal
6%
Eastern AlpsKamnik-Savinja
6%
Eastern AlpsKarawanks
6%
Eastern AlpsLavanttal
6%
Eastern AlpsLechquellen
6%
Eastern AlpsLeogang
6%
Eastern AlpsLivigno
6%
Eastern AlpsLoferer
6%
Eastern AlpsPohorje
6%
Eastern AlpsRottenmann-Wölz
6%
Eastern AlpsSamnaun
6%
Eastern AlpsSarntal
6%
Eastern AlpsSesvenna
6%
Eastern AlpsSobretta-Gavia
6%
Eastern AlpsStubai
6%
Eastern AlpsTürnitz
6%
Eastern AlpsTux
6%
Eastern AlpsUpper Austrian Prealps
6%
Western AlpsVaucluse
6%
Eastern AlpsVerwall
6%
Eastern AlpsVicentine
6%
Eastern AlpsVillgraten
6%
Eastern AlpsYbbstal
6%
Western AlpsAiguilles-Rouges
5%
Eastern AlpsAlbula
5%
Western AlpsBeaufortain
5%
Eastern AlpsBrandenberg
5%
Western AlpsCerces
5%
Western AlpsDiois
5%
Eastern AlpsEnnstal
5%
Eastern AlpsFiemme
5%
Western AlpsGiffre
5%
Eastern AlpsGranatspitze
5%
Western AlpsGrandes Rousses
5%
Eastern AlpsHochschwab
5%
Eastern AlpsKreuzeck
5%
Western AlpsMercantour-Argentera
5%
Western AlpsMont-Cenis
5%
Eastern AlpsNonsberg
5%
Eastern AlpsOberhalbstein
5%
Eastern AlpsPlessur
5%
Eastern AlpsRieserferner
5%
Eastern AlpsSchladming
5%
Eastern AlpsSchober
5%
Eastern AlpsSeckau
5%
Eastern AlpsSouthern Carnic
5%
Western AlpsArves
4%
Western AlpsBauges
4%
Western AlpsBiellese
4%
Eastern AlpsBregaglia
4%
Western AlpsChambeyron
4%
Western AlpsDévoluy
4%
Western AlpsEmmental
4%
Western AlpsEscreins
4%
Western AlpsEsterel
4%
Eastern AlpsGlemmtal
4%
Eastern AlpsGoldberg
4%
Eastern AlpsHundstein
4%
Western AlpsLauzière
4%
Western AlpsParpaillon
4%
Western AlpsPays du Buëch
4%
Western AlpsPelat
4%
Eastern AlpsPrealps East of the Mur
4%
Western AlpsSaint Gotthard
4%
Western AlpsTaillefer
4%
Western AlpsTrois-Évêchés
4%
Western AlpsAdula
3%
Western AlpsBornes
3%
Eastern AlpsFritztal
3%
Eastern AlpsKelchsau
3%
Western AlpsLeone-Blinnenhorn
3%
Western AlpsMaguareis
3%
Western AlpsMauren
3%
Western AlpsMont Colombis
3%

Score Distribution

Percentile by Number Answered

Percent of People with Each Score

Your Score History

You have not taken this quiz